000 00783nam a22002537a 4500
003 OSt
005 20260512121845.0
008 260512b |||||||| |||| 00| 0 eng d
020 _a9789819603886
040 _cIN-NITTTR
082 _a628.015196
_bARO
100 _aArora, Ritu
_eed
245 _aOptimization Techniques for Sustainable Environment Under Uncertainty.
_cby Ritu Arora and Shalini Arora/
_hEng
260 _aSingapore.
_bSpringer Nature.
_c2025
300 _aix, 173 p.
650 _aOptimization Techniques
650 _aSustainable Environment
650 _aEnvironmental Sustainability
650 _aUncertainty Modeling
650 _aMathematical Optimization
650 _aSustainable Development
700 _aArora, Shalini
_eed
942 _2ddc
_cBK
_n0
999 _c33442
_d33442